000
00285nam a2200109Ia 4500
008
230907s9999||||xx |||||||||||||| ||und||
082
_a
510.71
_b
BAS
100
_a
Basta, Alfred.
_9
28828
245
0
_a
Mathematics for information technology /
300
_a
xvi, 557 pages :
942
_c
BK
999
_c
601041
_d
601041